000
00347pab a2200169 454500
008
180718b2012 xxu||||| |||| 00| 0 eng d
100
_a
Saldanha, Leo F.
245
_a
Whose streets?
260
_c
2012
300
_a
p.67-71.
362
_a
Aug
650
_a
Streets
650
_a
Roads
773
_a
Seminar
908
_a
N
909
_a
97265
999
_c
97265
_d
97265